000 00493nam a2200157 a 4500
001 000029727
005 20240322185316.0
008 110425s1955 dr 000 0 spa d
040 _aDO-SdBNP
_bspa
_cBNPHU
082 _axxxx
_bO74i
100 1 _aOrnes Coiscou, Germán E.,
_d1919-1998
_957814
245 1 0 _aIrresponsabilidad periodística /
_cGermán E. Ornes C.
260 _aCiudad Trujillo, República Dominicana :
_bEditora del Caribe,
_c1955.
300 _a10 p. ;
_c23 cm.
049 _aBNPD
999 _c29219
_d29219